<?xml version="1.0" encoding="UTF-8"?>
<record
    xmlns:xsi="http://www.w3.org/2001/XMLSchema-instance"
    xsi:schemaLocation="http://www.loc.gov/MARC21/slim http://www.loc.gov/standards/marcxml/schema/MARC21slim.xsd"
    xmlns="http://www.loc.gov/MARC21/slim">

  <leader>02337cam a22004211i 4500</leader>
  <controlfield tag="003">SA-RiAUC</controlfield>
  <controlfield tag="005">20250105123325.0</controlfield>
  <controlfield tag="008">250105s1980    ir     g      000 0 ara c</controlfield>
  <datafield tag="040" ind1=" " ind2=" ">
    <subfield code="a">SA-JeALM</subfield>
    <subfield code="b">ara</subfield>
    <subfield code="c">SA-RiAUC.</subfield>
    <subfield code="e">rda</subfield>
  </datafield>
  <datafield tag="082" ind1="0" ind2="4">
    <subfield code="a">235</subfield>
    <subfield code="q">SA-RiAUC</subfield>
  </datafield>
  <datafield tag="090" ind1=" " ind2=" ">
    <subfield code="a">235  </subfield>
    <subfield code="b"> &#x641; &#x64A; &#x631;</subfield>
  </datafield>
  <datafield tag="100" ind1="1" ind2=" ">
    <subfield code="a">&#x627;&#x644;&#x641;&#x64A;&#x631;&#x648;&#x632;&#x622;&#x628;&#x627;&#x62F;&#x64A;&#x60C; &#x645;&#x631;&#x62A;&#x636;&#x649; &#x627;&#x644;&#x62D;&#x633;&#x64A;&#x646;&#x64A;&#x60C;</subfield>
    <subfield code="d">1911-1990</subfield>
    <subfield code="e">&#x645;&#x624;&#x644;&#x641;.</subfield>
  </datafield>
  <datafield tag="245" ind1="1" ind2="0">
    <subfield code="a">&#x641;&#x636;&#x627;&#x626;&#x644; &#x627;&#x644;&#x62E;&#x645;&#x633;&#x629; &#x645;&#x646; &#x627;&#x644;&#x635;&#x62D;&#x627;&#x62D; &#x627;&#x644;&#x633;&#x62A;&#x629; /</subfield>
    <subfield code="c">&#x645;&#x631;&#x62A;&#x636;&#x649; &#x627;&#x644;&#x62D;&#x633;&#x64A;&#x646;&#x64A; &#x627;&#x644;&#x641;&#x64A;&#x631;&#x648;&#x632;&#x622;&#x628;&#x627;&#x62F;&#x64A;.</subfield>
  </datafield>
  <datafield tag="250" ind1=" " ind2=" ">
    <subfield code="a">&#x627;&#x644;&#x637;&#x628;&#x639;&#x629; &#x627;&#x644;&#x623;&#x648;&#x644;&#x649;.</subfield>
  </datafield>
  <datafield tag="264" ind1=" " ind2="1">
    <subfield code="a">&#x637;&#x647;&#x631;&#x627;&#x646; :</subfield>
    <subfield code="b">&#x627;&#x644;&#x645;&#x62C;&#x645;&#x639; &#x627;&#x644;&#x639;&#x627;&#x644;&#x645;&#x64A; &#x644;&#x623;&#x647;&#x644; &#x627;&#x644;&#x628;&#x64A;&#x62A;.</subfield>
    <subfield code="c">2002</subfield>
  </datafield>
  <datafield tag="300" ind1=" " ind2=" ">
    <subfield code="a">&#x645;&#x62C;&#x644;&#x62F; &#x61B;</subfield>
    <subfield code="c">24 &#x633;&#x645;</subfield>
  </datafield>
  <datafield tag="336" ind1=" " ind2=" ">
    <subfield code="a">&#x646;&#x635;</subfield>
    <subfield code="b">txt</subfield>
    <subfield code="2">rdacontent</subfield>
    <subfield code="3">&#x643;&#x62A;&#x627;&#x628;</subfield>
  </datafield>
  <datafield tag="337" ind1=" " ind2=" ">
    <subfield code="a">&#x628;&#x62F;&#x648;&#x646; &#x648;&#x633;&#x64A;&#x637;</subfield>
    <subfield code="b">n</subfield>
    <subfield code="2">rdamedia</subfield>
  </datafield>
  <datafield tag="338" ind1=" " ind2=" ">
    <subfield code="a">&#x645;&#x62C;&#x644;&#x62F;</subfield>
    <subfield code="b">nc</subfield>
    <subfield code="2">rdacarrier</subfield>
  </datafield>
  <datafield tag="650" ind1=" " ind2="7">
    <subfield code="a">&#x627;&#x644;&#x62D;&#x62F;&#x64A;&#x62B;</subfield>
    <subfield code="x">&#x627;&#x644;&#x643;&#x62A;&#x628; &#x627;&#x644;&#x633;&#x62A;&#x629;</subfield>
    <subfield code="2">aucsh</subfield>
  </datafield>
  <datafield tag="650" ind1=" " ind2="7">
    <subfield code="a">&#x627;&#x644;&#x62D;&#x62F;&#x64A;&#x62B;</subfield>
    <subfield code="x">&#x641;&#x636;&#x627;&#x626;&#x644;</subfield>
    <subfield code="2">aucsh</subfield>
  </datafield>
  <datafield tag="700" ind1="1" ind2="2">
    <subfield code="a">&#x627;&#x644;&#x628;&#x62E;&#x627;&#x631;&#x64A;&#x60C; &#x645;&#x62D;&#x645;&#x62F; &#x628;&#x646; &#x625;&#x633;&#x645;&#x627;&#x639;&#x64A;&#x644; &#x628;&#x646; &#x625;&#x628;&#x631;&#x627;&#x647;&#x64A;&#x645;&#x60C;</subfield>
    <subfield code="d">194-256 &#x647;&#x62C;&#x631;&#x64A;</subfield>
  </datafield>
  <datafield tag="700" ind1="1" ind2="2">
    <subfield code="a">&#x627;&#x644;&#x625;&#x645;&#x627;&#x645; &#x645;&#x633;&#x644;&#x645;&#x60C; &#x645;&#x633;&#x644;&#x645; &#x628;&#x646; &#x627;&#x644;&#x62D;&#x62C;&#x627;&#x62C; &#x628;&#x646; &#x645;&#x633;&#x644;&#x645;&#x60C;</subfield>
    <subfield code="d">204-261 &#x647;&#x62C;&#x631;&#x64A;</subfield>
  </datafield>
  <datafield tag="700" ind1="1" ind2="2">
    <subfield code="a">&#x623;&#x628;&#x648; &#x62F;&#x627;&#x648;&#x62F;&#x60C; &#x633;&#x644;&#x64A;&#x645;&#x627;&#x646; &#x628;&#x646; &#x627;&#x644;&#x623;&#x634;&#x639;&#x62B; &#x628;&#x646; &#x625;&#x633;&#x62D;&#x627;&#x642;&#x60C;</subfield>
    <subfield code="d">202-275 &#x647;&#x62C;&#x631;&#x64A;</subfield>
  </datafield>
  <datafield tag="700" ind1="1" ind2="2">
    <subfield code="a">&#x627;&#x644;&#x646;&#x633;&#x627;&#x626;&#x64A;&#x60C; &#x623;&#x62D;&#x645;&#x62F; &#x628;&#x646; &#x639;&#x644;&#x64A; &#x628;&#x646; &#x634;&#x639;&#x64A;&#x628;&#x60C;</subfield>
    <subfield code="d">215-303 &#x647;&#x62C;&#x631;&#x64A;</subfield>
  </datafield>
  <datafield tag="700" ind1="1" ind2="2">
    <subfield code="a">&#x627;&#x644;&#x62A;&#x631;&#x645;&#x630;&#x64A;&#x60C; &#x645;&#x62D;&#x645;&#x62F; &#x628;&#x646; &#x639;&#x64A;&#x633;&#x649; &#x628;&#x646; &#x633;&#x648;&#x631;&#x629;&#x60C;</subfield>
    <subfield code="d">209-279 &#x647;&#x62C;&#x631;&#x64A;</subfield>
  </datafield>
  <datafield tag="700" ind1="1" ind2="2">
    <subfield code="a">&#x627;&#x628;&#x646; &#x645;&#x627;&#x62C;&#x629;&#x60C; &#x645;&#x62D;&#x645;&#x62F; &#x628;&#x646; &#x64A;&#x632;&#x64A;&#x62F; &#x627;&#x644;&#x631;&#x628;&#x639;&#x64A;&#x60C;</subfield>
    <subfield code="d">209-273 &#x647;&#x62C;&#x631;&#x64A;</subfield>
  </datafield>
  <datafield tag="740" ind1="0" ind2="2">
    <subfield code="a">&#x635;&#x62D;&#x64A;&#x62D; &#x627;&#x644;&#x628;&#x62E;&#x627;&#x631;&#x64A;&#x60C; &#x627;&#x644;&#x645;&#x633;&#x645;&#x649;&#x60C; &#x627;&#x644;&#x62C;&#x627;&#x645;&#x639; &#x627;&#x644;&#x635;&#x62D;&#x64A;&#x62D; &#x627;&#x644;&#x645;&#x633;&#x646;&#x62F; &#x645;&#x646; &#x62D;&#x62F;&#x64A;&#x62B; &#x631;&#x633;&#x648;&#x644; &#x627;&#x644;&#x644;&#x647; &#x648;&#x633;&#x646;&#x646;&#x647; &#x648;&#x623;&#x64A;&#x627;&#x645;&#x647;.</subfield>
  </datafield>
  <datafield tag="740" ind1="2" ind2="2">
    <subfield code="a">&#x627;&#x644;&#x62C;&#x627;&#x645;&#x639; &#x627;&#x644;&#x635;&#x62D;&#x64A;&#x62D; &#x627;&#x644;&#x645;&#x633;&#x646;&#x62F; &#x645;&#x646; &#x62D;&#x62F;&#x64A;&#x62B; &#x631;&#x633;&#x648;&#x644; &#x627;&#x644;&#x644;&#x647; &#x648;&#x633;&#x646;&#x646;&#x647; &#x648;&#x623;&#x64A;&#x627;&#x645;&#x647;.</subfield>
  </datafield>
  <datafield tag="740" ind1="0" ind2="2">
    <subfield code="a">&#x635;&#x62D;&#x64A;&#x62D; &#x645;&#x633;&#x644;&#x645;&#x60C; &#x627;&#x644;&#x645;&#x633;&#x645;&#x649;&#x60C; &#x627;&#x644;&#x645;&#x633;&#x646;&#x62F; &#x627;&#x644;&#x635;&#x62D;&#x64A;&#x62D; &#x627;&#x644;&#x645;&#x62E;&#x62A;&#x635;&#x631; &#x645;&#x646; &#x627;&#x644;&#x633;&#x646;&#x646; &#x628;&#x646;&#x642;&#x644; &#x627;&#x644;&#x639;&#x62F;&#x644; &#x639;&#x646; &#x627;&#x644;&#x639;&#x62F;&#x644; &#x639;&#x646; &#x631;&#x633;&#x648;&#x644; &#x627;&#x644;&#x644;&#x647; &#x635;&#x644;&#x649; &#x627;&#x644;&#x644;&#x647; &#x639;&#x644;&#x64A;&#x647; &#x648;&#x633;&#x644;&#x645;.</subfield>
  </datafield>
  <datafield tag="740" ind1="2" ind2="2">
    <subfield code="a">&#x627;&#x644;&#x645;&#x633;&#x646;&#x62F; &#x627;&#x644;&#x635;&#x62D;&#x64A;&#x62D; &#x627;&#x644;&#x645;&#x62E;&#x62A;&#x635;&#x631; &#x645;&#x646; &#x627;&#x644;&#x633;&#x646;&#x646; &#x628;&#x646;&#x642;&#x644; &#x627;&#x644;&#x639;&#x62F;&#x644; &#x639;&#x646; &#x627;&#x644;&#x639;&#x62F;&#x644; &#x639;&#x646; &#x631;&#x633;&#x648;&#x644; &#x627;&#x644;&#x644;&#x647; &#x635;&#x644;&#x649; &#x627;&#x644;&#x644;&#x647; &#x639;&#x644;&#x64A;&#x647; &#x648;&#x633;&#x644;&#x645;.</subfield>
  </datafield>
  <datafield tag="740" ind1="0" ind2="2">
    <subfield code="a">&#x633;&#x646;&#x646; &#x623;&#x628;&#x64A; &#x62F;&#x627;&#x648;&#x62F;.</subfield>
  </datafield>
  <datafield tag="740" ind1="0" ind2="2">
    <subfield code="a">&#x633;&#x646;&#x646; &#x627;&#x644;&#x646;&#x633;&#x627;&#x626;&#x64A;.</subfield>
  </datafield>
  <datafield tag="740" ind1="0" ind2="2">
    <subfield code="a">&#x633;&#x646;&#x646; &#x627;&#x644;&#x62A;&#x631;&#x645;&#x630;&#x64A;.</subfield>
  </datafield>
  <datafield tag="740" ind1="0" ind2="2">
    <subfield code="a">&#x633;&#x646;&#x646; &#x627;&#x628;&#x646; &#x645;&#x627;&#x62C;&#x629;.</subfield>
  </datafield>
  <datafield tag="942" ind1=" " ind2=" ">
    <subfield code="2">ddc</subfield>
    <subfield code="c">BOOK</subfield>
    <subfield code="n">0</subfield>
  </datafield>
  <datafield tag="949" ind1=" " ind2=" ">
    <subfield code="a">SA-JeALM</subfield>
    <subfield code="d">250105</subfield>
    <subfield code="u">mohamedma123</subfield>
    <subfield code="n">1</subfield>
  </datafield>
  <datafield tag="952" ind1=" " ind2=" ">
    <subfield code="0">0</subfield>
    <subfield code="1">0</subfield>
    <subfield code="2">ddc</subfield>
    <subfield code="3">&#x627;&#x644;&#x62C;&#x632;&#x621; &#x627;&#x644;&#x627;&#x648;&#x644;</subfield>
    <subfield code="4">0</subfield>
    <subfield code="7">0</subfield>
    <subfield code="a">WAHAB</subfield>
    <subfield code="b">WAHAB</subfield>
    <subfield code="d">2025-01-05</subfield>
    <subfield code="l">0</subfield>
    <subfield code="o">235  &#x641; &#x64A; &#x631;</subfield>
    <subfield code="p">000007048</subfield>
    <subfield code="r">2025-01-05 12:34:03</subfield>
    <subfield code="w">2025-01-05</subfield>
    <subfield code="y">BOOK</subfield>
  </datafield>
  <datafield tag="952" ind1=" " ind2=" ">
    <subfield code="0">0</subfield>
    <subfield code="1">0</subfield>
    <subfield code="2">ddc</subfield>
    <subfield code="3">&#x627;&#x644;&#x62C;&#x632;&#x621; &#x627;&#x644;&#x62B;&#x627;&#x646;&#x64A;</subfield>
    <subfield code="4">0</subfield>
    <subfield code="7">0</subfield>
    <subfield code="a">WAHAB</subfield>
    <subfield code="b">WAHAB</subfield>
    <subfield code="d">2025-01-05</subfield>
    <subfield code="l">0</subfield>
    <subfield code="o">235  &#x641; &#x64A; &#x631;</subfield>
    <subfield code="p">000007049</subfield>
    <subfield code="r">2025-01-05 12:34:03</subfield>
    <subfield code="w">2025-01-05</subfield>
    <subfield code="y">BOOK</subfield>
  </datafield>
  <datafield tag="952" ind1=" " ind2=" ">
    <subfield code="0">0</subfield>
    <subfield code="1">0</subfield>
    <subfield code="2">ddc</subfield>
    <subfield code="3">&#x627;&#x644;&#x62C;&#x632;&#x621; &#x627;&#x644;&#x62B;&#x627;&#x644;&#x62B;</subfield>
    <subfield code="4">0</subfield>
    <subfield code="7">0</subfield>
    <subfield code="a">WAHAB</subfield>
    <subfield code="b">WAHAB</subfield>
    <subfield code="d">2025-01-05</subfield>
    <subfield code="l">0</subfield>
    <subfield code="o">235  &#x641; &#x64A; &#x631;</subfield>
    <subfield code="p">000007050</subfield>
    <subfield code="r">2025-01-05 12:34:03</subfield>
    <subfield code="w">2025-01-05</subfield>
    <subfield code="y">BOOK</subfield>
  </datafield>
  <datafield tag="999" ind1=" " ind2=" ">
    <subfield code="c">4468</subfield>
    <subfield code="d">4468</subfield>
  </datafield>
</record>
